000 00714nam a22002177a 4500
003 UA-OsUOA
001 117217
007 ta
008 20160510b un ||||| |||| 00| 0 ukr d
100 _aБондаренко Ю.
090 _a82
_bБ81
942 _cSA
040 _aUA-OsUOA
_bukr
_cUA-OsUOA
_dUA-OsUOA
245 _aДослідження функціональності образів-персонажів літературного твору
300 _aС.23-29
955 _a0
041 _aukr
080 _a82
773 0 _w117215
_tУкраїнська мова і література в школі
_dК.
_d2016
_g1
650 7 _a82 Література. Літературознавство
_2UDC
999 _c403198
_d403198